Europe /

Bibliographic Details
Main Author: Van Valkenburg, Samuel, 1891-
Other Authors: Held, Colbert C.
Format: Book
Language:English
Published: New York : Wiley, [1952]
Edition:2d ed.
Subjects:

MARC

Tag First Indicator Second Indicator Subfields
LEADER 00000cam a2200000 4500
001 in00000689270
005 20151015162440.0
008 720831s1952 nyuab b 00010 eng u
010 |a  52003865  
035 |a (OCoLC)00396346 
035 |9 ACZ4979AM 
040 |c WSU  |d OCL  |d TXA  |d UtOrBLW 
049 |a TXAM  |c [217486] 
050 0 |a D907  |b .V32 1952 
092 |a 914  |b V284e2 
100 1 |a Van Valkenburg, Samuel,  |d 1891- 
245 1 0 |a Europe /  |c by Samuel Van Valkenburg and Colbert C. Held. 
250 |a 2d ed. 
264 1 |a New York :  |b Wiley,  |c [1952] 
300 |a xiv, 826 pages :  |b illustrations, maps. ;  |c 24 cm. 
336 |a text  |b txt  |2 rdacontent 
337 |a unmediated  |b n  |2 rdamedia 
338 |a volume  |b nc  |2 rdacarrier 
504 |a Bibliography: pages 783-798. 
651 0 |a Europe  |x Description and travel. 
700 1 |a Held, Colbert C. 
999 |a MARS 
999 f f |s b019cc52-b0e7-3117-a5c7-c7bdacd72eb1  |i 6e803f08-ded4-3439-9577-178c0fe2c6c9  |t 0 
952 f f |p ric  |a Texas A&M University  |b Rellis Campus  |c Joint Library Facility  |d Remote Storage  |t 0  |e D907 V32 1952  |h Library of Congress classification  |i unmediated -- volume  |m A14826931056 
998 f f |a D907 V32 1952  |t 0  |l Remote Storage